Kariera klubowa Kamila Grosickiego - Statystyki

Ogólne statystyki
  • Ten quiz został rozwiązany 446 razy
  • Średni wynik to 5 z 9
Statystyki odpowiedzi
Lata gry Klub % Poprawnych
2006 - 2007 Pogoń Szczecin
99%
2021 - obecnie Pogoń Szczecin
99%
2017 - 2020 Hull City
74%
2007 - 2009 Legia Warszawa
58%
2014 - 2017 Stade Rennais
55%
2020 - 2021 West Bromwich Albion
49%
2009 - 2011 Jagiellonia Białystok
46%
2011 - 2014 Sivasspor
21%
2008 Sion
16%
Nie znaleziono quizów pasujących do podanych kryteriów
Rozkład punktacji
Procent ludzi z każdym wynikiem
Percentyl według liczby udzielonych odpowiedzi
Twoja historia wyników
Nie rozwiązałeś tego quizu